[Event "6I Torneo Ciudad de Pontevedra 2018"]
[Site "Pontevedra ESP"]
[Date "2018.08.11"]
[Round "5.18"]
[White "Garcia Sobrino, David"]
[Black "Avelino, Camila Biscaya"]
[Result "1-0"]
[WhiteElo "2211"]
[BlackElo "1642"]
[PlyCount "83"]
[EventDate "2018.08.08"]
[EventType "swiss"]
[EventRounds "9"]
[EventCountry "ESP"]
[SourceTitle "Ajedrez en Madrid"]
[Source "lmi"]
[SourceDate "2018.08.08"]

1. e4 e5 2. Nf3 Nc6 3. d4 exd4 4. Nxd4 Nf6 5. Nxc6 bxc6 6. e5 Qe7 7. Qe2 Nd5 8.
c4 Ba6 9. Nd2 Nb6 10. b3 g6 11. Nf3 Bg7 12. Bb2 O-O 13. O-O-O Rfe8 14. Qc2 Bb7
15. h4 a5 16. a4 d5 17. h5 dxc4 18. Bxc4 Nxc4 19. Qxc4 Qe6 20. Qxe6 Rxe6 21.
Rd7 c5 22. hxg6 Rxg6 23. Nh4 Rg5 24. Rxc7 Bd5 25. Rh3 Bxg2 26. Nxg2 Rxg2 27.
Rf3 Rg5 28. Rfxf7 c4 29. bxc4 Rb8 30. Bc3 Rg4 31. Kc2 Rg2 32. c5 Re8 33. Kd3 h5
34. Ke4 h4 35. Rf3 Rg5 36. Rh3 Bxe5 37. Bxe5 Rgxe5+ 38. Kd4 Re4+ 39. Kd5 Rxa4
40. c6 Rae4 41. Ra7 R8e6 42. c7 1-0

[Event "6I Torneo Ciudad de Pontevedra 2018"]
[Site "Pontevedra ESP"]
[Date "2018.08.11"]
[Round "5.19"]
[White "Santos, Ricardo Alexandre L"]
[Black "Perez Carballo, David"]
[Result "0-1"]
[WhiteElo "2010"]
[BlackElo "2090"]
[PlyCount "56"]
[EventDate "2018.08.08"]
[EventType "swiss"]
[EventRounds "9"]
[EventCountry "ESP"]
[SourceTitle "Ajedrez en Madrid"]
[Source "lmi"]
[SourceDate "2018.08.08"]

1. e4 e6 2. d4 d5 3. e5 c5 4. c3 Nd7 5. Nf3 Ne7 6. Na3 Nc6 7. Bd3 cxd4 8. cxd4
Qb6 9. Nc2 f6 10. exf6 Nxf6 11. O-O Bd6 12. Re1 O-O 13. Bd2 Qc7 14. Bc3 Ng4 15.
h3 Bh2+ 16. Kf1 Nxf2 17. Kxf2 Qg3+ 18. Kf1 e5 19. Rxe5 Nxe5 20. Be1 Rxf3+ 21.
Qxf3 Qxf3+ 22. gxf3 Nxd3 23. Kg2 Bd6 24. Bg3 Nf4+ 25. Kh2 Be6 26. h4 Rd8 27.
Re1 Kf7 28. a3 Nd3 0-1

[Event "6I Torneo Ciudad de Pontevedra 2018"]
[Site "Pontevedra ESP"]
[Date "2018.08.11"]
[Round "5.20"]
[White "Guerra Bastida, Diego"]
[Black "Fernandes, Ricardo Paulos"]
[Result "1/2-1/2"]
[WhiteElo "2317"]
[BlackElo "2024"]
[PlyCount "58"]
[EventDate "2018.08.08"]
[EventType "swiss"]
[EventRounds "9"]
[EventCountry "ESP"]
[SourceTitle "Ajedrez en Madrid"]
[Source "lmi"]
[SourceDate "2018.08.08"]

1. e4 c5 2. c3 d5 3. exd5 Qxd5 4. d4 Nf6 5. Nf3 e6 6. Bd3 Be7 7. O-O O-O 8. a3
Rd8 9. Qe2 Nbd7 10. Rd1 Qc6 11. c4 Qc7 12. Nc3 cxd4 13. Nb5 Qb8 14. Nbxd4 Re8
15. Bc2 Nb6 16. Ne5 Bd6 17. Bf4 Nxc4 18. Ndf3 Nxe5 19. Nxe5 Qc7 20. Rac1 Qe7
21. Qd3 Bb8 22. Bg3 g6 23. Ba4 Rf8 24. h3 a6 25. Qe2 Nh5 26. Bh2 Qf6 27. Qe3
Ba7 28. Qd2 Bb8 29. Qe3 Ba7 1/2-1/2

[Event "6I Torneo Ciudad de Pontevedra 2018"]
[Site "Pontevedra ESP"]
[Date "2018.08.11"]
[Round "5.21"]
[White "Fernandez Garcia, Gumersindo"]
[Black "Torrado Quintela, Julio"]
[Result "1/2-1/2"]
[WhiteElo "1980"]
[BlackElo "2195"]
[PlyCount "177"]
[EventDate "2018.08.08"]
[EventType "swiss"]
[EventRounds "9"]
[EventCountry "ESP"]
[SourceTitle "Ajedrez en Madrid"]
[Source "lmi"]
[SourceDate "2018.08.08"]

1. d4 d6 2. e4 g6 3. c4 Bg7 4. Nc3 Nd7 5. Bg5 c6 6. Qd2 Qc7 7. f4 a6 8. a4 f6
9. Bh4 Nh6 10. Nf3 O-O 11. h3 e5 12. fxe5 fxe5 13. d5 Nc5 14. Qc2 a5 15. Bf2
Na6 16. Qd2 Nb4 17. Be2 Nf7 18. Be3 Bd7 19. O-O h6 20. Rac1 c5 21. Nh4 Kh7 22.
Qd1 Nh8 23. Qd2 Qd8 24. Rxf8 Qxf8 25. Rf1 Qe7 26. Nf3 Rf8 27. Nh2 Rxf1+ 28.
Nxf1 Qh4 29. Bf2 Qf4 30. Be3 Qh4 31. Bf2 Qf6 32. Be3 Bf8 33. Ng3 Qh4 34. Kh2
Nf7 35. Nh1 Be7 36. Nf2 h5 37. g3 Qf6 38. Nd3 Bf8 39. Nxb4 axb4 40. Nb5 Bh6 41.
h4 Bxe3 42. Qxe3 Nh6 43. Kg2 Kg7 44. Qf2 Qe7 45. b3 Bc8 46. Bd1 Qd7 47. Kg1 b6
48. Be2 Ng8 49. Bf3 Nf6 50. Qe3 Qh3 51. Bg2 Qd7 52. Bf3 Qe7 53. Kg2 Ng8 54. Qg5
Kf7 55. Qc1 Qf6 56. Qa1 Kg7 57. a5 bxa5 58. Qxa5 Bh3+ 59. Kxh3 Qxf3 60. Qa2
Qh1+ 61. Qh2 Qxe4 62. Nxd6 Qg4+ 63. Kg2 Nf6 64. Qg1 Qe2+ 65. Qf2 Qd3 66. Qxc5
Ne4 67. Qc7+ Kg8 68. Qd8+ Kh7 69. Qe7+ Kg8 70. Qf7+ Kh8 71. Nxe4 Qxe4+ 72. Qf3
Qc2+ 73. Kh3 e4 74. Qe3 Kg7 75. Qd4+ Kh7 76. d6 Qe2 77. d7 Qf1+ 78. Kh2 Qe2+
79. Kg1 e3 80. Qf4 Qd1+ 81. Kg2 Qd2+ 82. Kf3 Qxd7 83. Qxe3 Qf5+ 84. Kg2 Qc2+
85. Kf1 Qb1+ 86. Kf2 Qc2+ 87. Qe2 Qxb3 88. Qe7+ Kh8 89. Qf8+ 1/2-1/2

[Event "6I Torneo Ciudad de Pontevedra 2018"]
[Site "Pontevedra ESP"]
[Date "2018.08.11"]
[Round "5.22"]
[White "Rebole Arbea, Jose Ignacio"]
[Black "Lopez De Turiso, Jose Angel"]
[Result "1-0"]
[WhiteElo "2143"]
[BlackElo "1990"]
[PlyCount "89"]
[EventDate "2018.08.08"]
[EventType "swiss"]
[EventRounds "9"]
[EventCountry "ESP"]
[SourceTitle "Ajedrez en Madrid"]
[Source "lmi"]
[SourceDate "2018.08.08"]

1. g3 g6 2. Bg2 Bg7 3. c4 d6 4. Nc3 f5 5. d4 Nf6 6. Nf3 O-O 7. O-O Nc6 8. d5
Ne5 9. Nxe5 dxe5 10. e4 f4 11. gxf4 exf4 12. e5 Ng4 13. e6 Ne5 14. Re1 Nxc4 15.
Re4 Nd6 16. Rxf4 Rxf4 17. Bxf4 c6 18. h4 cxd5 19. Bxd5 Nf5 20. h5 Qb6 21. Na4
Qd4 22. Qxd4 Nxd4 23. Re1 gxh5 24. Bg5 Kf8 25. Nc5 h6 26. Bf4 Kg8 27. Kh2 Kh7
28. Na6 Nxe6 29. Bxe6 bxa6 30. Bd5 Bb7 31. Bxb7 Rf8 32. Bg3 Bf6 33. Kg2 h4 34.
Bc7 Rg8+ 35. Kh3 Rg5 36. Bxa6 Rc5 37. Bb8 Kg7 38. Bd3 Kf8 39. Re2 a5 40. Bf4
Kg7 41. a4 Rd5 42. Bb5 Rd4 43. Bd2 Kg6 44. Bxa5 Kf5 45. Bc3 1-0

[Event "6I Torneo Ciudad de Pontevedra 2018"]
[Site "Pontevedra ESP"]
[Date "2018.08.11"]
[Round "5.23"]
[White "Casares Cabanas, Carlos"]
[Black "Gonzalez Perez, Jose Ramon"]
[Result "1/2-1/2"]
[WhiteElo "2113"]
[BlackElo "2074"]
[PlyCount "137"]
[EventDate "2018.08.08"]
[EventType "swiss"]
[EventRounds "9"]
[EventCountry "ESP"]
[SourceTitle "Ajedrez en Madrid"]
[Source "lmi"]
[SourceDate "2018.08.08"]

1. e4 e5 2. Nf3 Nc6 3. Bc4 Nf6 4. d3 Be7 5. O-O d6 6. c3 O-O 7. Nbd2 Na5 8. Bb5
a6 9. Ba4 b5 10. Bc2 c5 11. Re1 Re8 12. Nf1 Bf8 13. Bg5 Nc6 14. Ne3 Be6 15. Bb3
h6 16. Bh4 Be7 17. Bxe6 fxe6 18. Qb3 Qd7 19. Rad1 Nh5 20. Bg3 Bf6 21. Ng4 Qf7
22. Nxf6+ Qxf6 23. a4 Na5 24. Qa2 Nc6 25. Qb3 Reb8 26. axb5 Rxb5 27. Qa4 Nxg3
28. hxg3 Ne7 29. Re2 Nc8 30. d4 exd4 31. cxd4 Nb6 32. Qa2 d5 33. exd5 Nxd5 34.
dxc5 Rxc5 35. Rde1 Nc7 36. Ne5 Rd8 37. Qa4 Nb5 38. Ng4 Qd4 39. Qxd4 Nxd4 40.
Re4 a5 41. Re5 Rdc8 42. Rxc5 Rxc5 43. Ne3 Kf7 44. Rd1 e5 45. f3 Ke6 46. Kf2 h5
47. Rd2 a4 48. Rd3 Rb5 49. Nd1 Rb4 50. Rc3 Nb5 51. Rc6+ Nd6 52. Ra6 g5 53. Ke2
g4 54. Kd3 Kd7 55. Kc2 Nf5 56. Nc3 gxf3 57. gxf3 Nxg3 58. Nxa4 h4 59. Nc5+ Ke7
60. Nd3 Rb5 61. Rh6 Nf5 62. Rh8 Nd4+ 63. Kd2 Nxf3+ 64. Ke3 Rb3 65. Kxf3 Rxd3+
66. Ke4 Rb3 67. Kxe5 h3 68. Kf4 Kf6 69. Kg4 1/2-1/2

[Event "6I Torneo Ciudad de Pontevedra 2018"]
[Site "Pontevedra ESP"]
[Date "2018.08.11"]
[Round "5.24"]
[White "Van der Veen, Ronald"]
[Black "Forgas Moreno, Yaniela"]
[Result "0-1"]
[WhiteElo "1984"]
[BlackElo "2299"]
[PlyCount "72"]
[EventDate "2018.08.08"]
[EventType "swiss"]
[EventRounds "9"]
[EventCountry "ESP"]
[SourceTitle "Ajedrez en Madrid"]
[Source "lmi"]
[SourceDate "2018.08.08"]

1. d4 f5 2. Nf3 Nf6 3. g3 g6 4. Bg2 Bg7 5. O-O O-O 6. c4 d6 7. Nc3 c6 8. Qc2
Qc7 9. Bf4 Nh5 10. Bd2 e5 11. d5 Na6 12. Rad1 e4 13. Ng5 h6 14. Nh3 g5 15. a3
Nf6 16. Be3 cxd5 17. b4 Qxc4 18. Rd4 Qc7 19. Rc1 Be6 20. Qd2 Qe7 21. f3 Rac8
22. Kf2 Ng4+ 23. fxg4 fxg4+ 24. Nf4 gxf4 25. Bxf4 Bxd4+ 26. Qxd4 Qg7 27. Ke3
Qxd4+ 28. Kxd4 Rc4+ 29. Ke3 d4+ 30. Kxe4 dxc3+ 31. Kd3 d5 32. e4 dxe4+ 33. Bxe4
Rd8+ 34. Ke3 c2 35. b5 Rc3+ 36. Kf2 Nc5 0-1

[Event "6I Torneo Ciudad de Pontevedra 2018"]
[Site "Pontevedra ESP"]
[Date "2018.08.11"]
[Round "5.25"]
[White "Florez Rodriguez, Diego"]
[Black "Vazquez Alvarez, Antonio Jose"]
[Result "1-0"]
[WhiteElo "2112"]
[BlackElo "1985"]
[PlyCount "109"]
[EventDate "2018.08.08"]
[EventType "swiss"]
[EventRounds "9"]
[EventCountry "ESP"]
[SourceTitle "Ajedrez en Madrid"]
[Source "lmi"]
[SourceDate "2018.08.08"]

1. Nf3 Nf6 2. d4 d5 3. g3 Bf5 4. Bg2 c6 5. O-O Nbd7 6. b3 e6 7. Bb2 Be7 8. Nbd2
Ne4 9. c4 Nxd2 10. Nxd2 Nf6 11. f3 dxc4 12. bxc4 Qb6 13. Qb3 Qxb3 14. Nxb3 Bc2
15. e4 Bxb3 16. axb3 O-O 17. e5 Ne8 18. f4 Nc7 19. Bc3 a6 20. b4 Rac8 21. h4
Rfd8 22. Kh2 h5 23. f5 exf5 24. Rxf5 Ne6 25. Rd1 g6 26. Rf2 Nc7 27. Bh3 Rb8 28.
Rfd2 g5 29. g4 hxg4 30. Bxg4 gxh4 31. Rg2 Kh8 32. Rf1 Rf8 33. Rf5 Rg8 34. Rxf7
Rg7 35. Rxg7 Kxg7 36. Bf3+ Kh6 37. Bd2+ Kh7 38. d5 cxd5 39. cxd5 Nb5 40. d6
Nxd6 41. exd6 Bxd6+ 42. Kh3 Bg3 43. Re2 Kg8 44. Bd5+ Kg7 45. Re7+ Kf6 46. Rf7+
Kg6 47. Rf3 b6 48. Kg4 Rd8 49. Be4+ Kg7 50. Bc3+ Kg8 51. Rf5 a5 52. Bd5+ Kh7
53. bxa5 bxa5 54. Rg5 Re8 55. Kh5 1-0

[Event "6I Torneo Ciudad de Pontevedra 2018"]
[Site "Pontevedra ESP"]
[Date "2018.08.11"]
[Round "5.26"]
[White "Fernandez Lopez, Ruben"]
[Black "Lemstra, Bart"]
[Result "1-0"]
[WhiteElo "2106"]
[BlackElo "1929"]
[PlyCount "81"]
[EventDate "2018.08.08"]
[EventType "swiss"]
[EventRounds "9"]
[EventCountry "ESP"]
[SourceTitle "Ajedrez en Madrid"]
[Source "lmi"]
[SourceDate "2018.08.08"]

1. e4 e5 2. Nf3 Nc6 3. Bb5 a6 4. Ba4 Nf6 5. O-O Be7 6. Re1 b5 7. Bb3 d6 8. c3
O-O 9. h3 Nb8 10. d4 Nbd7 11. Nbd2 Bb7 12. Bc2 c5 13. d5 Qc7 14. Nf1 c4 15. Ng3
Rfb8 16. Nf5 Bf8 17. Bg5 a5 18. Nh2 b4 19. Ng4 Ne8 20. Qf3 Nc5 21. Qg3 Bc8 22.
f4 exf4 23. Bxf4 f6 24. Ngh6+ Kh8 25. Nxd6 Bxd6 26. Bxd6 Nxd6 27. Qxd6 Qxd6 28.
Nf7+ Kg8 29. Nxd6 b3 30. Bb1 Ba6 31. axb3 Nxb3 32. Ra4 Rb6 33. Nxc4 Bxc4 34.
Rxc4 Nd2 35. Ra4 Rxb2 36. Bd3 Rc8 37. Ba6 Rxc3 38. d6 Rxh3 39. Be2 Rc3 40. d7
Rb8 41. Rd4 1-0

[Event "6I Torneo Ciudad de Pontevedra 2018"]
[Site "Pontevedra ESP"]
[Date "2018.08.11"]
[Round "5.27"]
[White "Gil Reguera, Juan Carlos"]
[Black "Bottazzi, Ulysse"]
[Result "1-0"]
[WhiteElo "2085"]
[BlackElo "1847"]
[PlyCount "107"]
[EventDate "2018.08.08"]
[EventType "swiss"]
[EventRounds "9"]
[EventCountry "ESP"]
[SourceTitle "Ajedrez en Madrid"]
[Source "lmi"]
[SourceDate "2018.08.08"]

1. Nf3 g6 2. g3 Bg7 3. Bg2 d6 4. d3 e5 5. c3 Nc6 6. O-O Nf6 7. Nbd2 O-O 8. Qc2
Nd7 9. a4 f5 10. Rb1 Nf6 11. Ne1 Be6 12. b4 Rb8 13. b5 Ne7 14. Ba3 Qd7 15. c4
f4 16. c5 b6 17. cxd6 cxd6 18. Ne4 Rbc8 19. Qd2 Nf5 20. Nf3 h6 21. Rbc1 g5 22.
Rxc8 Rxc8 23. Rc1 Rxc1+ 24. Qxc1 g4 25. Nfd2 Nd4 26. Kf1 d5 27. Nxf6+ Bxf6 28.
Bb2 fxg3 29. hxg3 Nf5 30. Qc6 Qf7 31. Kg1 Kh7 32. e4 Ne7 33. Qc7 d4 34. Qxa7
Bg5 35. Nf1 Nc8 36. Qb8 Bf6 37. a5 bxa5 38. b6 Qd7 39. Ba3 Be7 40. Bxe7 Qxe7
41. Qxe5 Nxb6 42. Qxa5 Nd7 43. Qa7 Qc5 44. Qa6 Bf7 45. e5 Nxe5 46. Be4+ Kg7 47.
Kg2 Bd5 48. Nd2 Nf3 49. Qg6+ Kf8 50. Qxh6+ Ke7 51. Qg7+ Kd8 52. Qf6+ Kc7 53.
Qf4+ Kc8 54. Qxg4+ 1-0

[Event "6I Torneo Ciudad de Pontevedra 2018"]
[Site "Pontevedra ESP"]
[Date "2018.08.11"]
[Round "5.28"]
[White "Adams, Philip"]
[Black "Otero Nogueira, Brais"]
[Result "0-1"]
[WhiteElo "1982"]
[BlackElo "2068"]
[PlyCount "130"]
[EventDate "2018.08.08"]
[EventType "swiss"]
[EventRounds "9"]
[EventCountry "ESP"]
[SourceTitle "Ajedrez en Madrid"]
[Source "lmi"]
[SourceDate "2018.08.08"]

1. Nf3 g6 2. c4 Bg7 3. g3 d6 4. Bg2 e5 5. Nc3 Nc6 6. d3 f5 7. Rb1 Nf6 8. O-O
O-O 9. Bg5 h6 10. Bxf6 Bxf6 11. Nd2 Be6 12. Nd5 Qd7 13. b4 Bg7 14. b5 Nd8 15.
Qa4 Kh8 16. Qa5 c6 17. bxc6 bxc6 18. Nb4 Rc8 19. Qa4 g5 20. Rfc1 Rf7 21. Nb3 c5
22. Qxd7 Rxd7 23. Nd5 Nc6 24. e3 Rdd8 25. a3 Rf8 26. Nd2 Rf7 27. Nc3 e4 28.
dxe4 Ne5 29. Nb5 Rd8 30. exf5 Bxf5 31. Be4 Nd3 32. Rf1 a6 33. Bxf5 Rxf5 34. Nc7
Rd7 35. Rb8+ Kh7 36. Nd5 Ne5 37. h3 Rdf7 38. f4 Nxc4 39. Nxc4 Rxd5 40. Rfb1
gxf4 41. gxf4 Rd3 42. R8b7 Rxb7 43. Rxb7 d5 44. Nd6 Kg8 45. Nf5 Bf8 46. a4 c4
47. Rc7 a5 48. Kf2 Ra3 49. Nd4 Rxa4 50. Ne6 Bb4 51. Rg7+ Kh8 52. f5 Bc3 53. Rd7
Ra2+ 54. Kf3 Rh2 55. Kg4 Re2 56. Kf3 Rb2 57. Kg4 Re2 58. Kf3 Rb2 59. Rxd5 a4
60. Rd8+ Kh7 61. Rd7+ Kg8 62. Ra7 Rb5 63. Ke4 Re5+ 64. Kf4 Ra5 65. Rc7 Be5+ 0-1

[Event "6I Torneo Ciudad de Pontevedra 2018"]
[Site "Pontevedra ESP"]
[Date "2018.08.11"]
[Round "5.29"]
[White "Del Prado Rodriguez, Xulio"]
[Black "Ferreno Sanmartin, Angel"]
[Result "1-0"]
[WhiteElo "1671"]
[BlackElo "2050"]
[PlyCount "107"]
[EventDate "2018.08.08"]
[EventType "swiss"]
[EventRounds "9"]
[EventCountry "ESP"]
[SourceTitle "Ajedrez en Madrid"]
[Source "lmi"]
[SourceDate "2018.08.08"]

1. Nf3 Nf6 2. c4 g6 3. Nc3 Bg7 4. e4 d6 5. d4 O-O 6. Be2 e5 7. dxe5 dxe5 8.
Qxd8 Rxd8 9. Bg5 Re8 10. Rd1 Na6 11. Nd2 c6 12. f3 Nc5 13. Nb3 Ne6 14. Be3 Nf4
15. Kf2 Nxe2 16. Nxe2 Be6 17. Na5 b6 18. Nxc6 Bxc4 19. b3 Be6 20. Rd2 Bd7 21.
Rc1 Bf8 22. b4 Re6 23. b5 a6 24. a4 axb5 25. axb5 Bxc6 26. bxc6 Rc8 27. c7 Be7
28. Ra2 Nd7 29. Ra7 Nc5 30. Kg3 f5 31. Bxc5 f4+ 32. Kh3 Bxc5 33. Nc3 g5 34. g4
fxg3 35. Kxg3 Kf7 36. Rca1 Bd4 37. Nb5 Rc6 38. Rb7 Ke7 39. Na7 Kd7 40. Nxc6
Kxc6 41. Rba7 Rxc7 42. Rc1+ Bc5 43. Rxc7+ Kxc7 44. Kg4 h6 45. Kf5 Kd6 46. Kg6
Be3 47. Rd1+ Ke6 48. Rd3 Bc1 49. Rb3 Bf4 50. Rxb6+ Ke7 51. h3 Kd7 52. Kh5 Ke7
53. Rxh6 Kf7 54. Rg6 1-0

[Event "6I Torneo Ciudad de Pontevedra 2018"]
[Site "Pontevedra ESP"]
[Date "2018.08.12"]
[Round "6.1"]
[White "Venkatesh, M.R."]
[Black "Demchenko, Anton"]
[Result "1-0"]
[WhiteElo "2499"]
[BlackElo "2670"]
[PlyCount "85"]
[EventDate "2018.08.08"]
[EventType "swiss"]
[EventRounds "9"]
[EventCountry "ESP"]
[SourceTitle "Ajedrez en Madrid"]
[Source "lmi"]
[SourceDate "2018.08.08"]

1. Nf3 Nf6 2. g3 g6 3. Bg2 Bg7 4. O-O O-O 5. d4 d6 6. a4 Na6 7. Re1 Bf5 8. Nbd2
d5 9. c3 c5 10. Qb3 Qc8 11. Ne5 e6 12. e3 Nd7 13. e4 Nxe5 14. dxe5 dxe4 15.
Nxe4 Bxe5 16. Nd2 c4 17. Qxb7 Bf6 18. Qxa8 Qxa8 19. Bxa8 Rxa8 20. Nxc4 Nc5 21.
Be3 Be7 22. Bxc5 Bxc5 23. b4 Bf8 24. Ne5 Rc8 25. Rac1 Bh6 26. f4 g5 27. g4 Bg6
28. Nxg6 hxg6 29. c4 gxf4 30. c5 Bf8 31. Kg2 g5 32. Red1 f5 33. h3 Kf7 34. Rd7+
Kf6 35. Rc4 a5 36. bxa5 Rb8 37. a6 Rb2+ 38. Kf1 Rb1+ 39. Ke2 Rb2+ 40. Ke1 Rb1+
41. Rd1 Rb8 42. c6 Bb4+ 43. Rxb4 1-0

[Event "6I Torneo Ciudad de Pontevedra 2018"]
[Site "Pontevedra ESP"]
[Date "2018.08.12"]
[Round "6.2"]
[White "Manolache, Marius"]
[Black "Petkov, Vladimir"]
[Result "1/2-1/2"]
[WhiteElo "2481"]
[BlackElo "2494"]
[PlyCount "39"]
[EventDate "2018.08.08"]
[EventType "swiss"]
[EventRounds "9"]
[EventCountry "ESP"]
[SourceTitle "Ajedrez en Madrid"]
[Source "lmi"]
[SourceDate "2018.08.08"]

1. d4 Nf6 2. Nf3 d5 3. c4 e6 4. Nc3 a6 5. cxd5 exd5 6. Bg5 c6 7. Qb3 Bd6 8. e3
Nbd7 9. Bd3 O-O 10. Qc2 h6 11. Bh4 Re8 12. O-O Be7 13. Bg3 b5 14. Rad1 Bb7 15.
Ne5 Nxe5 16. Bxe5 Ng4 17. Bg3 Bd6 18. Bf5 Bxg3 19. hxg3 Nf6 20. Rfe1 1/2-1/2

[Event "6I Torneo Ciudad de Pontevedra 2018"]
[Site "Pontevedra ESP"]
[Date "2018.08.12"]
[Round "6.3"]
[White "Pena Gomez, Manuel"]
[Black "Cori Quispe, Kevin Joel"]
[Result "0-1"]
[WhiteElo "2483"]
[BlackElo "2480"]
[PlyCount "140"]
[EventDate "2018.08.08"]
[EventType "swiss"]
[EventRounds "9"]
[EventCountry "ESP"]
[SourceTitle "Ajedrez en Madrid"]
[Source "lmi"]
[SourceDate "2018.08.08"]

1. c4 e5 2. g3 c5 3. Nc3 Nc6 4. Bg2 g6 5. a3 a5 6. Nf3 Bg7 7. O-O d6 8. e3 f5
9. d4 e4 10. Ne1 Nge7 11. f3 cxd4 12. exd4 Bxd4+ 13. Kh1 O-O 14. Nb5 Be5 15.
Bh6 Rf7 16. f4 Bxb2 17. Rb1 Bg7 18. Bxg7 Rxg7 19. Nxd6 Be6 20. Nc2 b6 21. Ne3
Ra7 22. Nb5 Rd7 23. Qc1 Nc8 24. Nc3 N6e7 25. Qb2 Nd6 26. Rfd1 Nxc4 27. Nxc4
Bxc4 28. Rxd7 Qxd7 29. Qxb6 Nc6 30. Rd1 Qc7 31. Qc5 Na7 32. Qd4 Re7 33. Bf1 Bf7
34. Nd5 Bxd5 35. Qxd5+ Kg7 36. Be2 Qc3 37. a4 Nc6 38. g4 fxg4 39. f5 Re5 40.
Qd7+ Ne7 41. fxg6 hxg6 42. Qxg4 Nf5 43. Qg5 Re7 44. Rf1 Rf7 45. Rg1 Qc6 46. Bb5
Qf6 47. Be8 Qxg5 48. Rxg5 Kf6 49. Rg4 Re7 50. Rxg6+ Ke5 51. Bb5 Rc7 52. Rc6 Rg7
53. Rc1 Nd4 54. Bf1 e3 55. h4 Nf3 56. Be2 Nxh4 57. Rc5+ Kf4 58. Rxa5 Nf3 59.
Bxf3 Kxf3 60. Rf5+ Ke4 61. Rf8 e2 62. Re8+ Kf3 63. Rf8+ Ke3 64. Re8+ Kf2 65.
Rf8+ Kg3 66. Re8 Rc7 67. Rg8+ Kh4 68. Rh8+ Kg5 69. Rg8+ Kf6 70. Rg1 Rh7+ 0-1

[Event "6I Torneo Ciudad de Pontevedra 2018"]
[Site "Pontevedra ESP"]
[Date "2018.08.12"]
[Round "6.4"]
[White "Martinez Duany, Lelys Stanley"]
[Black "Oratovsky, Michael"]
[Result "1/2-1/2"]
[WhiteElo "2544"]
[BlackElo "2489"]
[PlyCount "46"]
[EventDate "2018.08.08"]
[EventType "swiss"]
[EventRounds "9"]
[EventCountry "ESP"]
[SourceTitle "Ajedrez en Madrid"]
[Source "lmi"]
[SourceDate "2018.08.08"]

1. e4 e5 2. Nf3 Nc6 3. Bb5 a6 4. Ba4 Nf6 5. O-O Be7 6. Re1 b5 7. Bb3 d6 8. c3
O-O 9. h3 Nb8 10. d4 Nbd7 11. Nbd2 Bb7 12. Bc2 Re8 13. Nf1 Bf8 14. Ng3 g6 15.
h4 c5 16. d5 c4 17. Bg5 h6 18. Be3 Nc5 19. Qd2 h5 20. Bg5 Be7 21. Re3 Nfd7 22.
Bxe7 Qxe7 23. Rae1 Reb8 1/2-1/2

[Event "6I Torneo Ciudad de Pontevedra 2018"]
[Site "Pontevedra ESP"]
[Date "2018.08.12"]
[Round "6.5"]
[White "Ruck, Robert"]
[Black "Dionisi, Thomas"]
[Result "1-0"]
[WhiteElo "2502"]
[BlackElo "2403"]
[PlyCount "63"]
[EventDate "2018.08.08"]
[EventType "swiss"]
[EventRounds "9"]
[EventCountry "ESP"]
[SourceTitle "Ajedrez en Madrid"]
[Source "lmi"]
[SourceDate "2018.08.08"]

1. Nf3 f5 2. g3 Nf6 3. Bg2 g6 4. d4 Bg7 5. b3 O-O 6. O-O d6 7. Bb2 Qe8 8. c4
Na6 9. Nbd2 c5 10. a3 Bd7 11. b4 cxd4 12. Nxd4 Rb8 13. Qb3 Ba4 14. Qa2 Qf7 15.
e4 e5 16. Nb5 Bxb5 17. cxb5 Qxa2 18. Rxa2 Nc7 19. b6 axb6 20. exf5 gxf5 21. Nc4
Rbd8 22. Bxb7 e4 23. Rd1 b5 24. Nxd6 Nce8 25. Bxf6 Rxf6 26. Bd5+ Kf8 27. Nxb5
Rb6 28. a4 Nd6 29. Bb3 Ke7 30. Rad2 Nb7 31. Rxd8 Nxd8 32. Nc7 1-0

[Event "6I Torneo Ciudad de Pontevedra 2018"]
[Site "Pontevedra ESP"]
[Date "2018.08.12"]
[Round "6.6"]
[White "Nayhebaver, Martin"]
[Black "Praveen, Kumar C"]
[Result "1-0"]
[WhiteElo "2453"]
[BlackElo "2238"]
[PlyCount "81"]
[EventDate "2018.08.08"]
[EventType "swiss"]
[EventRounds "9"]
[EventCountry "ESP"]
[SourceTitle "Ajedrez en Madrid"]
[Source "lmi"]
[SourceDate "2018.08.08"]

1. c4 e6 2. Nf3 f5 3. g3 Nf6 4. Bg2 d6 5. d4 Be7 6. O-O O-O 7. Nc3 Qe8 8. Qd3
Nc6 9. d5 Nb4 10. Qd1 e5 11. a3 Na6 12. b4 Qh5 13. Ne1 f4 14. gxf4 Ng4 15. h3
Nh6 16. fxe5 Bxh3 17. Bxh3 Qxh3 18. Qd3 Qg4+ 19. Ng2 Nf5 20. Bf4 dxe5 21. Bxe5
Bd6 22. Bxd6 cxd6 23. Ne4 Rae8 24. f3 Qh3 25. Kf2 Nh4 26. Rg1 h6 27. Nxh4 Qxh4+
28. Ng3 Nb8 29. Rh1 Qf6 30. Rag1 Re7 31. Rh5 Re5 32. Ne4 Qf4 33. Rxe5 Qxe5 34.
Qc3 Qe7 35. Nxd6 Nd7 36. Qd4 Ne5 37. c5 h5 38. Qe4 Qf6 39. Nxb7 Re8 40. d6 Qf7
41. c6 1-0

[Event "6I Torneo Ciudad de Pontevedra 2018"]
[Site "Pontevedra ESP"]
[Date "2018.08.12"]
[Round "6.7"]
[White "Suarez Gomez, Julio"]
[Black "Galiana Fernandez, Adrian"]
[Result "1-0"]
[WhiteElo "2469"]
[BlackElo "2291"]
[PlyCount "131"]
[EventDate "2018.08.08"]
[EventType "swiss"]
[EventRounds "9"]
[EventCountry "ESP"]
[SourceTitle "Ajedrez en Madrid"]
[Source "lmi"]
[SourceDate "2018.08.08"]

1. d4 Nf6 2. Nf3 g6 3. Nbd2 c5 4. dxc5 Qc7 5. a3 Qxc5 6. c4 Bg7 7. b4 Qc7 8.
Bb2 O-O 9. e3 b6 10. Be2 Bb7 11. O-O d6 12. Rc1 Nbd7 13. Qc2 Rac8 14. Qb1 Rfd8
15. Rfd1 a6 16. Nb3 Be4 17. Qa2 Qb7 18. a4 d5 19. Nbd2 dxc4 20. Nxe4 Nxe4 21.
Bxg7 Kxg7 22. Rxc4 Nd6 23. Qb2+ Kg8 24. Rcc1 Rxc1 25. Rxc1 Rc8 26. Nd4 Nf6 27.
h3 a5 28. Rxc8+ Qxc8 29. bxa5 bxa5 30. Qb6 Qc1+ 31. Kh2 Kg7 32. Qd8 Nf5 33.
Nxf5+ gxf5 34. Qxa5 Qc2 35. Qb5 e6 36. Qc4 Qd2 37. Kg1 Qe1+ 38. Bf1 Ne4 39. Qe2
Qa1 40. Qc4 Qe1 41. Qc2 Nd2 42. Qd3 Ne4 43. Qe2 Qa1 44. Qb5 Nd2 45. a5 Nxf1 46.
Qxf1 Qxa5 47. g3 Qd5 48. h4 Qf3 49. Qa1+ Kg6 50. Qh8 h6 51. Qe8 Qg4 52. Qd8 Qf3
53. Qg8+ Kf6 54. Qh7 Qd1+ 55. Kg2 Qh5 56. Qh8+ Ke7 57. Qg7 Qg6 58. Qd4 Qg4 59.
Qc5+ Kf6 60. Qf8 Qe4+ 61. Kh2 Kg6 62. Qg8+ Kh5 63. f3 Qc2+ 64. Kh3 Qc7 65. g4+
fxg4+ 66. fxg4# 1-0

[Event "6I Torneo Ciudad de Pontevedra 2018"]
[Site "Pontevedra ESP"]
[Date "2018.08.12"]
[Round "6.8"]
[White "Cabezas Ayala, Ivan"]
[Black "Starostits, Ilmars"]
[Result "1-0"]
[WhiteElo "2308"]
[BlackElo "2454"]
[PlyCount "71"]
[EventDate "2018.08.08"]
[EventType "swiss"]
[EventRounds "9"]
[EventCountry "ESP"]
[SourceTitle "Ajedrez en Madrid"]
[Source "lmi"]
[SourceDate "2018.08.08"]

1. e4 Nc6 2. Nf3 d6 3. d4 Bg4 4. d5 Nb8 5. h3 Bxf3 6. Qxf3 Nf6 7. Nc3 g6 8. g3
Bg7 9. Bg2 c5 10. O-O O-O 11. Qe2 Qb6 12. Kh2 Nbd7 13. a4 Rab8 14. a5 Qa6 15.
Nb5 b6 16. Bd2 c4 17. Nd4 b5 18. Nc6 Rbe8 19. Be3 e6 20. Qd2 exd5 21. exd5 c3
22. bxc3 Ne4 23. Bxe4 Rxe4 24. Bxa7 Ne5 25. Nxe5 Qxa7 26. Nc6 Qc5 27. a6 Bxc3
28. Qd3 f5 29. Rab1 b4 30. a7 Ree8 31. Qa6 f4 32. g4 h5 33. gxh5 f3 34. Qd3
gxh5 35. Rxb4 Re2 36. Rb8 1-0